| 000 | 00741nam a2200193 a 4500 | ||
|---|---|---|---|
| 003 | 0 | ||
| 005 | 20250527112543.0 | ||
| 008 | 021122s19uu xx 00 eng d | ||
| 050 |
_aPHS BF 575.A6 _b.F56 2002 |
||
| 100 | _aFlores, Olrica Claire Y. | ||
| 245 |
_aThe Degree of mathematics anxiety of selected students of Southville International School / _cOlrica Claire Y. Flores. |
||
| 260 |
_aLas PiƱas City, Philippines : _bSouthville International School and Colleges, _c2002. |
||
| 300 |
_a77 pages : _billustrations ; _c28 cm. |
||
| 504 | _aIncludes bibliographical references. | ||
| 650 |
_aMathematics _xPsychological aspects. |
||
| 650 |
_aAnxiety in adolescence _zPhilippines. |
||
| 650 | _aMathematics anxiety. | ||
| 942 |
_2lcc _cPASS |
||
| 999 |
_c96702 _d96702 |
||